| 000 | 00782nam a2200229Ia 4500 | ||
|---|---|---|---|
| 001 | 22107 | ||
| 005 | 20260416153253.0 | ||
| 008 | 260320s9999||||xx |||||||||||||| ||und|| | ||
| 022 | _a24152277 | ||
| 041 | _aESP | ||
| 082 |
_aHR 346 FEB 2026 _bACI |
||
| 110 | _aInstituto Pacífico | ||
| 245 | 0 |
_aActualidad civil : _brevista de derecho civil, procesal civil, registral e inmobiliario |
|
| 260 |
_aLima : _bInstituto Pacífico, _c2026 |
||
| 300 |
_a316 páginas : _bilustraciones ; _c25 cm. |
||
| 505 | _aNúmero 140; Febrero 2026 | ||
| 650 | _aCIS | ||
| 653 | _aDerecho - Revista | ||
| 654 | _aDER | ||
| 856 |
_uhttps://0u20rt5fj-y-https-actualidadcivil-pe.itmsp.museknowledge.com/revista-digital/edicion/actualidad-civil-140 _zVersión digital |
||
| 942 |
_cREV _dJUS _fMIP _2ddc |
||
| 999 |
_c22107 _d22107 |
||